| 000 | 01320nam a22002177a 4500 | ||
|---|---|---|---|
| 008 | 221128s2022 xxk|||||o|||| 00| 0 eng d | ||
| 041 | _aeng | ||
| 110 | _aRoyal Institution of Chartered Surveyors | ||
| 245 |
_aFire safety, _ba clear impartial guide _h[archived] |
||
| 250 | _a3.5 | ||
| 260 |
_aUnited Kingdom, _bRoyal Institution of Chartered Surveyors, _c2022 |
||
| 300 | _a24 cm | ||
| 490 | _aRICS Consumer Guide | ||
| 500 | _aReplaced by April 2025 guidance | ||
| 520 | _aThis guide offers basic advice about fire safety in the home, and has been written specifically with homeowners and residential tenants in mind. Having a basic understanding of fire safety is very important for all of us, and in extreme circumstances can mean the difference between life and death in a fire situation. RICS has therefore commissioned this guide in order to spread awareness among homeowners and tenants and to communicate basic advice that is easy to follow. It has been written by RICS chartered building surveyors and a multi-discipline fire safety advisory group. | ||
| 650 | _aFire safety | ||
| 651 | _aUnited Kingdom | ||
| 690 |
_96244 _aHealth and safety |
||
| 856 |
_uhttps://www.ricsfirms.com/media/1300/fire-safety-consumer-guide-2022.pdf _zView archived 2022 edition on rics.org |
||
| 942 | _n0 | ||
| 999 |
_c122147 _d122147 |
||